00534nam a22001697a 450000500170000001000130001702000260003003500110005603700130006708200080008010000350008824500530012324600460017626000520022227000670027430000230034120210916111517.0 aUR-11237 c400.00a9789390789009 aU-9792 bDBAD/PUB a844 aممتا ز ا حمد خا ن  aقند يليں cممتا ز ا حمد خا ن  aQindeelein (Urdu)bby Mumtaz Ahmed Khan  aN.Delhic2021 ءbEducational Publishing House  a3191, Vakil Street, Kucha Pandit Lal Kuan,b Delhie110006l - a248 ص c22 Cm(Hb)